Biblioteca

La gran novela latinoamericana (Registro nro. 65883)

Detalles MARC
000 -LÍDER
Campo fijo de descripción fija 02571nam a2200337 i 4500
001 - NÚMERO DE CONTROL
Campo de control 768714001
003 - IDENTIFICADOR DEL NÚMERO DE CONTROL
Campo de control CO-MdFUSB
005 - FECHA Y HORA DE LA ULTIMA TRANSACCIÓN
control field 20210906155539.0
007 - CAMPO FIJO DE DESCRIPCIÓN FIJA--INFORMACIÓN GENERAL
Campo fijo de descripción fija ta
008 - ELEMENTOS DE LONGITUD FIJA -- INFORMACIÓN GENERAL
Campo fijo de descripción fija -- Información general 200520t2011 mx |||| |||| 00| 0 spa d
020 ## - NÚMERO INTERNACIONAL NORMALIZADO PARA LIBROS
Número Internacional Normalizado del libro 9786071111715
040 ## - FUENTE DE CATALOGACIÓN
Agencia de catalogación original CO-MdFUSB
Idioma de catalogación spa
Agencia que realiza la transcripción CO-MdFUSB
Agencia que realiza la modificación CO-MdFUSBC
Convenciones de la descripción rda
041 ## - CÓDIGO DE IDIOMA
Código de idioma para texto/pista de sonido o título separado spa
082 ## - NÚMERO DE CLASIFICACIÓN DECIMAL DEWEY
Número de la edición del Dewey 23
Número de clasificación 863
Clave de autor-Numero de item F954
100 ## - ASIENTO PRINCIPAL--NOMBRE PERSONAL
Nombre personal Fuentes, Carlos.
Término relacionador autor
245 #3 - TÍTULO
Título del Material La gran novela latinoamericana
Mención de responsabilidad, etc. / Carlos Fuentes
250 ## - MENCIÓN DE EDICIÓN
Mención de edición Primera edición
264 #1 - PRODUCCIÓN, PUBLICACIÓN, DISTRIBUCIÓN, MANUFACTURA, Y COPYRIGHT
Lugar de producción, publicación, distribución, manufactura México :
Nombre del productor, publicador, distribuidor Alfaguara,
Fecha de producción, publicación, distribución, manufactura, o copyright [2011]
264 #4 - PRODUCCIÓN, PUBLICACIÓN, DISTRIBUCIÓN, MANUFACTURA, Y COPYRIGHT
Fecha de producción, publicación, distribución, manufactura, o copyright ©2011
300 ## - DESCRIPCIÓN FÍSICA
Dimensiones 439 páginas ;
Extensión 24 cm
336 ## - TIPO DE CONTENIDO
Fuente rdacontent
Término de tipo de contenido texto
Código de tipo de contenido txt
337 ## - TIPO DE MEDIO
Fuente rdamedia
Nombre del tipo de medio sin mediación
Código del tipo de medio n
338 ## - TIPO DE SOPORTE
Fuente rdacarrier
Nombre del tipo de soporte volumen
Código Tipo de soporte nc
505 ## - NOTA DE CONTENIDO
Nota de contenido con formato preestablecido Advertencia pre-ibérica -- Descubrimiento y conquista -- La cultura colonial -- De la colonia a la independencia : Machado de Assis -- Rómulo Gallegos : la naturaleza impersonal -- La revolución mexicana -- Borges : la plata del rio -- Rio arriba : Alejo Carpentier --<br/>Onetti -- Julio Cortázar y la sonrisa de Erasmo -- José Lezama Lima : cuerpo y palabra del barroco -- García Márquez : la segunda lectura -- Un tiempo sin héroes : Vargas Llosa -- José Donoso, del boom al bumerang -- El bumerang -- El post-boom (1) -- El crack -- El post-boom (2) -- Nélida Pinon en la republica de los sueños -- Juan Goytisolo, persona grata -- Primer final mexicano : quintero de damas -- segundo final mexicano : tercia de caballeros -- Palabras finales.
520 2# - NOTA DE RESUMEN, ETC.
Nota de sumario, etc. Este ensayo propone un recorrido por la evolución de la novela en Latinoamérica, desde el descubrimiento del continente hasta nuestros días. Quienes emprendan esta ruta hallarán en ella a las grande figuras de la novela latinoamericana y sus temas constantes: la naturaleza salvaje, los conflictos sociales, el dictador y la barbarie, la épica del desencanto, el mundo mágico de mito y lenguaje, pero sobre todo su vocación de canibalizar y carnavalizar la historia, convirtiendo el dolor en fiesta, creando formas literarias y artísticas entrometidas unas en las otras, como lo son las de Borges, Neruda y Cortázar, sin respeto a reglas o géneros. Literatura de textos prestados, permutados, mímicos, payasos. Textos en blanco, asombrados entre el desafío del espacio de una página, lenguaje que habla del lenguaje, de Sor Juana y de Sandoval y Zapata, a José Gorostiza y a José Lezama Lima.
650 #7 - ASIENTO SECUNDARIO DE MATERIA - TERMINO TEMÁTICO
Fuente del encabezamiento o término embne
9 (RLIN) 2265
Término temático o nombre geográfico como elemento de entrada Literatura hispanoamericana
653 ## - TÉRMINO DE INDIZACIÓN - NO CONTROLADO
Término no controlado Novela Mexicana.
653 ## - TÉRMINO DE INDIZACIÓN - NO CONTROLADO
Término no controlado Literatura Mexicana.
942 ## - TIPO DE MATERIAL (KOHA)
Tipo de Item KOHA Libros General
945 ## - INFORMACIÓN LOCAL DEL REGISTRO
Catalogador Dani
Existencias
Estado de Material Estado de Perdido Forma de Clasificación Estado de Dañado No para Préstamo Colección Biblioteca de Origen Biblioteca Permanente Fecha de Adquisición Área Total de Préstamos Signatura Topográfica Código de Barras Última vez visto Ejemplar/Existencia Fecha de Remplazo Tipo de Material
    Dewey Decimal Classification     Colección General Biblioteca FUSBC Biblioteca FUSBC 20/05/2020 LITERATURA   G 863 F954g 8944 20/05/2020 Ej.1 20/05/2020 Libros General

Biblioteca FUSBC | Teléfono: (57+4) 349 88 10 Ext. 141| WhatsApp (+57) 3005338115 
E-mail: biblioteca@unisbc.edu.co | Calle 76 87-14 Robledo Palenque, Medellín, Colombia

Con tecnología Koha